[Event "Joacaba op 2nd"]
[Site "Joacaba"]
[Date "2023.07.02"]
[Round "6"]
[White "Marchetti, Luana Negri"]
[Black "Do Amaral e Silva, Larissa Blue"]
[Result "0-1"]
[WhiteElo "1742"]
[BlackElo "1367"]
[PlyCount "48"]
[EventDate "2023.06.30"]
[EventType "swiss"]
[EventRounds "6"]
[EventCountry "BRA"]
[SourceTitle "CBM 215 Extra"]
[Source "ChessBase"]
[SourceDate "2023.09.30"]
[SourceVersion "1"]
[SourceVersionDate "2023.09.30"]
[SourceQuality "1"]

1. d4 d5 2. Nf3 Bg4 3. e3 Nf6 4. c4 e6 5. c5 Nc6 6. Bb5 a6 7. Ba4 Rb8 8. h3 Bxf3 9. Qxf3 Ne4 10. Nd2 b5 11. cxb6 Rxb6 12. Nxe4 dxe4 13. Qxe4 Bb4+ 14. Ke2 Qd5 15. Qc2 0-0 16. Rg1 Bd6 17. Bb3 Qh5+ 18. f3 Nb4 19. Qe4 Qb5+ 20. Kd1 Nd3 21. Qh4 Nxc1 22. Rxc1 Qd3+ 23. Ke1 Qxe3+ 24. Kd1 Qxg1+ 0-1

[Event "Florianopolis op-B 04"]
[Site "Florianopolis"]
[Date "2023.04.28"]
[Round "1"]
[White "Do Amaral e Silva, Larissa Blue"]
[Black "Piekarski, Clarice Wiecheteck"]
[Result "1-0"]
[WhiteElo "1377"]
[BlackElo "1705"]
[PlyCount "33"]
[EventDate "2023.04.28"]
[EventType "swiss"]
[EventRounds "6"]
[EventCountry "BRA"]
[SourceTitle "CBM 214 Extra"]
[Source "ChessBase"]
[SourceDate "2023.07.31"]
[SourceVersion "1"]
[SourceVersionDate "2023.07.31"]
[SourceQuality "1"]

1. e4 e5 2. Nf3 Nc6 3. Bc4 Bc5 4. b4 Bxb4 5. c3 Bc5 6. d4 exd4 7. 0-0 a6 8. cxd4 Bb6 9. Qb3 Na5 10. Bxf7+ Kf8 11. Ba3+ d6 12. Qd5 Nf6 13. Qg5 h6 14. Qg6 Bd7 15. e5 Bb5 16. exf6 Bxf1 17. Qxg7# 1-0

[Event "Florianopolis op 7th"]
[Site "Florianopolis"]
[Date "2021.01.20"]
[Round "4"]
[White "Pedroso, Denian"]
[Black "Do Amaral e Silva, Larissa Blue"]
[Result "1-0"]
[WhiteElo "1849"]
[BlackElo "1544"]
[PlyCount "89"]
[EventDate "2021.01.18"]
[EventType "swiss"]
[EventRounds "10"]
[EventCountry "BRA"]
[SourceTitle "CBM 200 Extra"]
[Source "ChessBase"]
[SourceDate "2021.03.31"]
[SourceVersion "1"]
[SourceVersionDate "2021.03.31"]
[SourceQuality "1"]

1. e4 e5 2. Nf3 Nc6 3. Bb5 d6 4. 0-0 Bd7 5. c3 h6 6. d4 exd4 7. cxd4 Nf6 8. Nc3 Be7 9. e5 dxe5 10. dxe5 Nh7 11. Bxc6 Bxc6 12. Nd4 0-0 13. Nxc6 bxc6 14. Be3 a6 15. Qa4 Qb8 16. b3 Qb7 17. Rac1 Ng5 18. Qg4 Qc8 19. Qxc8 Rfxc8 20. f4 Ne6 21. Ne4 Nd8 22. Bc5 Kf8 23. Rfd1 Ne6 24. Bxe7+ Kxe7 25. f5 Nf4 26. Rxc6 Ra7 27. g3 Nh3+ 28. Kg2 Ng5 29. f6+ gxf6 30. exf6+ Ke8 31. Nd6+ Kd7 32. Nb5+ Kxc6 33. Nxa7+ Kb7 34. Nxc8 Kxc8 35. h4 Ne4 36. Re1 Nxf6 37. Rf1 Ng4 38. Rxf7 Kb7 39. Kh3 h5 40. Rf5 Nh6 41. Rxh5 Nf7 42. g4 Kc6 43. g5 Ne5 44. g6 Nd3 45. g7 1-0

[Event "Florianopolis op 6th"]
[Site "Florianopolis"]
[Date "2020.01.20"]
[Round "1"]
[White "De Carvalho, Amauri"]
[Black "Do Amaral e Silva, Larissa Blue"]
[Result "0-1"]
[WhiteElo "1144"]
[BlackElo "1610"]
[PlyCount "62"]
[EventDate "2020.01.20"]
[EventType "swiss"]
[EventRounds "10"]
[EventCountry "BRA"]
[SourceTitle "CBM 194 Extra"]
[Source "ChessBase"]
[SourceDate "2020.03.31"]
[SourceVersion "1"]
[SourceVersionDate "2020.03.31"]
[SourceQuality "1"]

1. d4 d5 2. Bf4 Nf6 3. e3 e6 4. Be2 Bb4+ 5. c3 Bd6 6. Bg3 0-0 7. Nf3 Ne4 8. Bxd6 Qxd6 9. Nbd2 f6 10. Nxe4 dxe4 11. Nd2 f5 12. Nc4 Qe7 13. f4 Nd7 14. 0-0 a6 15. a4 c5 16. Qc2 b6 17. Rfd1 cxd4 18. cxd4 Bb7 19. Qb1 Rf6 20. b4 Rh6 21. g3 g5 22. Rf1 Bd5 23. b5 a5 24. Qb2 Kh8 25. Qa3 Qg7 26. Rf2 Rg8 27. Raf1 gxf4 28. Rxf4 Rxh2 29. g4 Qh6 30. Qd6 Rh1+ 31. Kf2 Qh4+ 0-1